Situación educativa de América Latina y el Caribe : garantizando la educación de calidad para todos : informe regional de revisión y evaluación del progreso de América Latina y el Caribe hacia la educación para todos en el marco del proyecto regional de Educación (EPT/PREALC).

Guardado en:
Detalles Bibliográficos
Autor principal: Guadalupe, César [et al.], (autor)
Formato: Desconocido
Idioma:Español
Temas:
Acceso en línea:Ver documento en línea
Etiquetas: Agrega una etiqueta
Sin etiquetas, Sé el primero en etiquetar este registro!

MARC

LEADER 00000c**#a2200000ua#4500
001 000498714
003 DLC
005 20260512000000.0
008 070831c^^^^9999^^^^r1^^^^^^^^0^^^^0spa^d
009 20260512123309.347
022 |a 01851284 
035 |a FCE 000042756 
037 |a Acervo ITESO - Biblioteca 
041 |a spa 
095 |a RLEE  |b 07-1-2-353 
100 |a Guadalupe, César,  |e [et al.]  |e (autor) 
245 1 0 |a Situación educativa de América Latina y el Caribe :  |b garantizando la educación de calidad para todos : informe regional de revisión y evaluación del progreso de América Latina y el Caribe hacia la educación para todos en el marco del proyecto regional de Educación (EPT/PREALC). 
264 |a México :  |b Centro de Estudios Educativos,  |c 2007. 
336 |a texto  |b txt  |2 rdacontenido 
337 |a sin mediación  |b n  |2 rdamedio 
338 |a volumen  |b nc  |2 rdasoporte 
649 |a XX 
650 |a Acceso a la educación 
650 |a Educación 
650 |a Educación para todos 
650 |a Calidad de la educación 
650 |a Evaluación de la educación 
650 |a América Latina 
740 |g vol. 37, no. 1-2, pp. 353-364  |t Revista Latinoamericana de Estudios Educativos. Qué leer, 
856 4 0 |u https://www.cee.edu.mx/rlee/revista/r2001_2010/r_texto/t_2007_1-2_16.pdf  |y Ver documento en línea 
910 |a Fondo Centro de Estudios Educativos 
920 |a Impresos - Libros 
930 |a Fondos Especiales 
905 |a 133 
902 |a https://opac.biblio.iteso.mx/vufind/Record/000498714